Candide or optimism
Đã lưu trong:
| Tác giả chính: | |
|---|---|
| Định dạng: | Sách |
| Ngôn ngữ: | Undetermined |
| Được phát hành: |
Gran Bretaña
Penguin Books
1975
|
| Những chủ đề: | |
| Các nhãn: |
Thêm thẻ
Không có thẻ, Là người đầu tiên thẻ bản ghi này!
|
MARC
| LEADER | 00000nam a2200000Ia 4500 | ||
|---|---|---|---|
| 008 | 170316s9999 xx 000 0 und d | ||
| 040 | |a cru BVZT | ||
| 090 | |a 840 V-14 co | ||
| 100 | |a Voltaire | ||
| 245 | |a Candide or optimism | ||
| 260 | |a Gran Bretaña | ||
| 260 | |b Penguin Books | ||
| 260 | |c 1975 | ||
| 300 | |a 144 páginas | ||
| 650 | |a LITERATURA FRANCESA | ||
| 650 | |a VOLTAIRE | ||
| 999 | |c 8042 |d 8042 | ||
| 942 | |c 15 D |h 840 V-14 co |2 z | ||
